| 000 | 00559nam a2200217Ia 4500 | ||
|---|---|---|---|
| 003 | OSt | ||
| 005 | 20221005113842.0 | ||
| 006 | a|||||r|||| 00| 0 | ||
| 007 | ta | ||
| 008 | 221004b |||||||| |||| 00| 0 eng d | ||
| 024 | _a52153 | ||
| 037 | _cTextual | ||
| 040 |
_aCRL _cCRL _beng |
||
| 041 |
_2eng _aeng |
||
| 082 | _aJ1.2, N | ||
| 245 | 0 |
_aAgri-horticultural society of India _b Gardening operations for each month of the year |
|
| 300 |
_aVP _ccm. |
||
| 650 | _aAGRICULTURE | ||
| 942 |
_hJ1.2, N _cTEXL _2cc |
||
| 999 |
_c1029509 _d1029509 |
||